[Event "Blitz 2018"]
[Site "Saint-Petersburg"]
[Date "2018.12.29"]
[Round "7"]
[Board "85"]
[White "Fakhrutdinov Timur (RUS)"]
[Black "Zhigalko Andrey (BLR)"]
[Result "0-1"]
[LiveChessVersion "1.4.8"]
[BlackElo "2493"]
[WhiteElo "2357"]

1. e4 {[%clk 0:03:02]} c5 {[%clk 0:03:04]} 2. Nf3 {[%clk 0:03:03]} d6
{[%clk 0:03:05]} 3. d4 {[%clk 0:03:05]} cxd4 {[%clk 0:03:07]} 4. Nxd4
{[%clk 0:03:06]} Nf6 {[%clk 0:03:08]} 5. Nc3 {[%clk 0:03:07]} a6 {[%clk 0:03:10]}
6. Be3 {[%clk 0:03:07]} e6 {[%clk 0:03:11]} 7. Be2 {[%clk 0:03:05]} Nbd7
{[%clk 0:03:10]} 8. f4 {[%clk 0:03:00]} b5 {[%clk 0:03:10]} 9. Bf3
{[%clk 0:02:50]} Bb7 {[%clk 0:03:11]} 10. a3 {[%clk 0:02:40]} Rc8
{[%clk 0:03:07]} 11. Nb3 {[%clk 0:02:31]} Be7 {[%clk 0:02:53]} 12. Qd2
{[%clk 0:02:14]} Qc7 {[%clk 0:02:22]} 13. g4 {[%clk 0:01:50]} Nb6
{[%clk 0:02:16]} 14. Na5 {[%clk 0:01:38]} Ba8 {[%clk 0:02:03]} 15. g5
{[%clk 0:00:59]} Nfd7 {[%clk 0:02:04]} 16. h4 {[%clk 0:01:00]} Na4
{[%clk 0:01:22]} 17. Nxa4 {[%clk 0:00:50]} bxa4 {[%clk 0:01:23]} 18. Rc1
{[%clk 0:00:43]} Nc5 {[%clk 0:00:55]} 19. Bxc5 {[%clk 0:00:20]} Qxc5
{[%clk 0:00:52]} 20. b4 {[%clk 0:00:10]} axb3 {[%clk 0:00:37]} 21. Nxb3
{[%clk 0:00:11]} Qxa3 {[%clk 0:00:34]} 22. Qd4 {[%clk 0:00:06]} e5
{[%clk 0:00:27]} 23. fxe5 {[%clk 0:00:06]} dxe5 {[%clk 0:00:28]} 24. Qxe5
{[%clk 0:00:06]} O-O {[%clk 0:00:13]} 25. O-O {[%clk 0:00:07]} Rfe8
{[%clk 0:00:12]} 26. Qf5 {[%clk 0:00:05]} g6 {[%clk 0:00:06]} 27. Qf4
{[%clk 0:00:04]} Bd6 {[%clk 0:00:07]} 28. Qf6 {[%clk 0:00:03]} Be5
{[%clk 0:00:06]} 29. Qb6 {[%clk 0:00:04]} Qe7 {[%clk 0:00:05]} 30. Kg2
{[%clk 0:00:04]} Rc6 {[%clk 0:00:05]} 31. Qe3 {[%clk 0:00:05]} Rec8
{[%clk 0:00:06]} 32. Qe2 {[%clk 0:00:03]} Rc3 {[%clk 0:00:06]} 33. Qxa6
{[%clk 0:00:03]} Rxc2+ {[%clk 0:00:04]} 34. Rxc2 {[%clk 0:00:04]} Rxc2+
{[%clk 0:00:05]} 35. Rf2 {[%clk 0:00:06]} Rxf2+ {[%clk 0:00:05]} 36. Kxf2
{[%clk 0:00:07]} Qd8 {[%clk 0:00:03]} 37. Qb5 {[%clk 0:00:05]} Bf4
{[%clk 0:00:03]} 38. Ke2 {[%clk 0:00:05]} h6 {[%clk 0:00:04]} 39. gxh6
{[%clk 0:00:06]} Bxh6 {[%clk 0:00:05]} 40. h5 {[%clk 0:00:07]} gxh5
{[%clk 0:00:04]} 41. Qxh5 {[%clk 0:00:07]} Bg5 {[%clk 0:00:05]} 42. Qg4
{[%clk 0:00:06]} Bc6 {[%clk 0:00:05]} 43. Qf5 {[%clk 0:00:06]} Bd7
{[%clk 0:00:06]} 44. Qc5 {[%clk 0:00:06]} Be7 {[%clk 0:00:06]} 45. Qg1+
{[%clk 0:00:07]} Kf8 {[%clk 0:00:07]} 46. Qd4 {[%clk 0:00:07]} Bb5+
{[%clk 0:00:08]} 47. Kf2 {[%clk 0:00:07]} Bh4+ {[%clk 0:00:09]} 48. Ke3
{[%clk 0:00:04]} Qg5# {[%clk 0:00:09]} 0-1

[Event "Blitz 2018"]
[Site "Saint-Petersburg"]
[Date "2018.12.29"]
[Round "7"]
[Board "86"]
[White "Vastrukhin Oleg (RUS)"]
[Black "Pershin Denis (RUS)"]
[Result "1-0"]
[LiveChessVersion "1.4.8"]
[BlackElo "2354"]
[WhiteElo "2488"]

1. Nf3 {[%clk 0:03:03]} d5 {[%clk 0:03:04]} 2. g3 {[%clk 0:03:04]} Nf6
{[%clk 0:03:05]} 3. Bg2 {[%clk 0:03:05]} c6 {[%clk 0:03:06]} 4. O-O
{[%clk 0:03:06]} Bg4 {[%clk 0:03:06]} 5. Ne5 {[%clk 0:03:07]} Bf5
{[%clk 0:03:07]} 6. d4 {[%clk 0:03:08]} Nbd7 {[%clk 0:03:08]} 7. c4
{[%clk 0:03:09]} e6 {[%clk 0:03:09]} 8. Nc3 {[%clk 0:03:10]} Be7 {[%clk 0:03:06]}
9. Qb3 {[%clk 0:03:11]} Qb6 {[%clk 0:02:51]} 10. Nxd7 {[%clk 0:03:11]} Nxd7
{[%clk 0:02:49]} 11. e4 {[%clk 0:03:11]} dxe4 {[%clk 0:02:45]} 12. Nxe4
{[%clk 0:03:12]} Bxe4 {[%clk 0:02:38]} 13. Bxe4 {[%clk 0:03:12]} O-O
{[%clk 0:01:33]} 14. Be3 {[%clk 0:03:12]} Nf6 {[%clk 0:01:26]} 15. Bf3
{[%clk 0:03:13]} Qc7 {[%clk 0:01:22]} 16. Rfd1 {[%clk 0:03:12]} Rfd8
{[%clk 0:01:23]} 17. Rac1 {[%clk 0:03:13]} Qd7 {[%clk 0:01:13]} 18. Kg2
{[%clk 0:03:03]} Rac8 {[%clk 0:01:13]} 19. a4 {[%clk 0:03:03]} h6
{[%clk 0:01:11]} 20. a5 {[%clk 0:02:58]} Bd6 {[%clk 0:01:01]} 21. a6
{[%clk 0:02:43]} bxa6 {[%clk 0:00:56]} 22. Qa4 {[%clk 0:02:44]} Qb7
{[%clk 0:00:45]} 23. Rc2 {[%clk 0:02:44]} Bb4 {[%clk 0:00:22]} 24. h4
{[%clk 0:02:33]} a5 {[%clk 0:00:23]} 25. Rcc1 {[%clk 0:02:07]} Ne8
{[%clk 0:00:23]} 26. Qc2 {[%clk 0:01:36]} Nd6 {[%clk 0:00:25]} 27. g4
{[%clk 0:01:35]} Qe7 {[%clk 0:00:23]} 28. c5 {[%clk 0:01:28]} Nb5
{[%clk 0:00:16]} 29. g5 {[%clk 0:01:29]} e5 {[%clk 0:00:08]} 30. Qe4
{[%clk 0:01:24]} Re8 {[%clk 0:00:07]} 31. d5 {[%clk 0:01:11]} cxd5
{[%clk 0:00:08]} 32. Rxd5 {[%clk 0:01:12]} Rc6 {[%clk 0:00:04]} 33. Bg4
{[%clk 0:01:04]} hxg5 {[%clk 0:00:03]} 34. hxg5 {[%clk 0:01:02]} Rg6
{[%clk 0:00:04]} 35. Rd7 {[%clk 0:01:01]} Qf8 {[%clk 0:00:04]} 36. Bf5
{[%clk 0:00:59]} Ree6 {[%clk 0:00:05]} 37. Rh1 {[%clk 0:00:55]} f6
{[%clk 0:00:03]} 38. Bxe6+ {[%clk 0:00:55]} 1-0

[Event "Blitz 2018"]
[Site "Saint-Petersburg"]
[Date "2018.12.29"]
[Round "7"]
[Board "87"]
[White "Yeritsyan Aram (RUS)"]
[Black "Eliseev Alexei (RUS)"]
[Result "1-0"]
[BlackElo "2486"]
[WhiteElo "2191"]
[LiveChessVersion "1.4.8"]

1. e4 {[%clk 0:03:03]} g6 {[%clk 0:03:03]} 2. d4 {[%clk 0:03:05]} Bg7
{[%clk 0:03:04]} 3. Nc3 {[%clk 0:03:06]} c6 {[%clk 0:03:05]} 4. f4
{[%clk 0:03:07]} d5 {[%clk 0:03:06]} 5. e5 {[%clk 0:03:08]} h5 {[%clk 0:03:07]}
6. Nf3 {[%clk 0:03:02]} Nh6 {[%clk 0:03:07]} 7. Be3 {[%clk 0:03:03]} Bg4
{[%clk 0:03:08]} 8. Be2 {[%clk 0:03:03]} Nf5 {[%clk 0:03:08]} 9. Bf2
{[%clk 0:03:05]} Nd7 {[%clk 0:03:08]} 10. Qd2 {[%clk 0:02:58]} e6
{[%clk 0:03:04]} 11. g3 {[%clk 0:02:32]} b5 {[%clk 0:02:54]} 12. h3
{[%clk 0:02:28]} Bxf3 {[%clk 0:02:50]} 13. Bxf3 {[%clk 0:02:29]} a5
{[%clk 0:02:38]} 14. Ne2 {[%clk 0:02:16]} Nb6 {[%clk 0:02:31]} 15. b3
{[%clk 0:02:14]} a4 {[%clk 0:02:33]} 16. O-O {[%clk 0:02:06]} Bf8
{[%clk 0:02:31]} 17. Nc1 {[%clk 0:01:48]} axb3 {[%clk 0:02:06]} 18. cxb3
{[%clk 0:01:49]} Nd7 {[%clk 0:02:07]} 19. Nd3 Qb6 20. Qc3 {[%clk 0:01:21]} Ba3
{[%clk 0:01:34]} 21. b4 {[%clk 0:00:57]} Qc7 {[%clk 0:01:32]} 22. Nc5
{[%clk 0:00:56]} Nxc5 {[%clk 0:01:22]} 23. dxc5 {[%clk 0:00:48]} Ra4
{[%clk 0:01:12]} 24. Rab1 {[%clk 0:00:49]} Qa7 {[%clk 0:01:08]} 25. Rb3
{[%clk 0:00:48]} Kd7 {[%clk 0:00:48]} 26. Rd1 {[%clk 0:00:47]} Ra8
{[%clk 0:00:43]} 27. Kg2 {[%clk 0:00:41]} Ne7 {[%clk 0:00:34]} 28. Rd3
{[%clk 0:00:39]} Qa6 {[%clk 0:00:28]} 29. Be1 {[%clk 0:00:40]} Qa7
{[%clk 0:00:28]} 30. Bd2 {[%clk 0:00:37]} Nf5 {[%clk 0:00:28]} 31. Be1
{[%clk 0:00:34]} Ne7 {[%clk 0:00:29]} 32. g4 {[%clk 0:00:32]} hxg4
{[%clk 0:00:30]} 33. hxg4 {[%clk 0:00:34]} g5 {[%clk 0:00:26]} 34. f5
{[%clk 0:00:31]} exf5 {[%clk 0:00:24]} 35. gxf5 {[%clk 0:00:32]} Bxb4
{[%clk 0:00:14]} 36. Rxb4 {[%clk 0:00:33]} Rxa2+ {[%clk 0:00:15]} 37. Bf2
{[%clk 0:00:33]} Qa5 {[%clk 0:00:10]} 38. Bg4 {[%clk 0:00:30]} Kc7
{[%clk 0:00:07]} 39. e6 {[%clk 0:00:25]} fxe6 {[%clk 0:00:08]} 40. fxe6
{[%clk 0:00:22]} Rf8 {[%clk 0:00:07]} 41. Rf3 {[%clk 0:00:17]} Rxf3
{[%clk 0:00:06]} 42. Bxf3 {[%clk 0:00:19]} Kb7 {[%clk 0:00:06]} 43. Rb3
{[%clk 0:00:18]} Nf5 {[%clk 0:00:06]} 44. Qxa5 {[%clk 0:00:18]} Rxa5
{[%clk 0:00:07]} 45. Bg4 {[%clk 0:00:19]} Ne7 {[%clk 0:00:08]} 46. Rf3
{[%clk 0:00:19]} Ra7 {[%clk 0:00:09]} 47. Rf7 {[%clk 0:00:20]} Ka6
{[%clk 0:00:10]} 48. Be3 {[%clk 0:00:19]} b4 {[%clk 0:00:10]} 49. Bxg5
{[%clk 0:00:19]} b3 {[%clk 0:00:11]} 50. Rxe7 {[%clk 0:00:18]} Ra8
{[%clk 0:00:13]} 51. Rc7 {[%clk 0:00:17]} Kb5 {[%clk 0:00:14]} 52. e7
{[%clk 0:00:18]} Rg8 {[%clk 0:00:14]} 53. Rb7+ {[%clk 0:00:14]} Kc4
{[%clk 0:00:15]} 54. Kf3 {[%clk 0:00:15]} Kc3 {[%clk 0:00:16]} 55. Bf6+
{[%clk 0:00:15]} d4 {[%clk 0:00:16]} 56. Rd7 {[%clk 0:00:15]} 1-0

[Event "Blitz 2018"]
[Site "Saint-Petersburg"]
[Date "2018.12.29"]
[Round "7"]
[Board "88"]
[White "Sanikidze Tornike (GEO)"]
[Black "Gurvich Vitaly (RUS)"]
[Result "1-0"]
[BlackElo "2302"]
[WhiteElo "2484"]
[LiveChessVersion "1.4.8"]

1. d4 {[%clk 0:03:03]} Nf6 {[%clk 0:03:03]} 2. c4 {[%clk 0:03:03]} e6
{[%clk 0:03:04]} 3. Nf3 {[%clk 0:03:04]} Bb4+ {[%clk 0:03:04]} 4. Nbd2
{[%clk 0:03:03]} O-O {[%clk 0:02:54]} 5. a3 {[%clk 0:03:03]} Be7 {[%clk 0:02:55]}
6. e4 {[%clk 0:03:00]} d6 {[%clk 0:02:56]} 7. Bd3 {[%clk 0:02:44]} c5
{[%clk 0:02:56]} 8. d5 {[%clk 0:02:43]} e5 {[%clk 0:02:57]} 9. O-O
{[%clk 0:02:41]} Nbd7 {[%clk 0:02:49]} 10. b4 {[%clk 0:02:39]} Re8
{[%clk 0:02:46]} 11. Bc2 {[%clk 0:02:37]} a5 {[%clk 0:02:42]} 12. bxc5
{[%clk 0:02:31]} Nxc5 {[%clk 0:02:42]} 13. Re1 {[%clk 0:02:32]} Bf8
{[%clk 0:02:23]} 14. Nb3 {[%clk 0:02:29]} b6 {[%clk 0:02:24]} 15. Rb1
{[%clk 0:02:29]} Nfd7 {[%clk 0:02:04]} 16. Be3 {[%clk 0:02:30]} Ba6
{[%clk 0:02:02]} 17. Nfd2 {[%clk 0:02:29]} Qc7 {[%clk 0:02:01]} 18. Nxc5
{[%clk 0:02:10]} Nxc5 {[%clk 0:01:52]} 19. Ba4 {[%clk 0:02:11]} Reb8
{[%clk 0:01:39]} 20. Bc6 {[%clk 0:02:03]} Bb7 {[%clk 0:01:38]} 21. Bxc5
{[%clk 0:02:02]} Bxc6 {[%clk 0:01:36]} 22. Be3 {[%clk 0:01:56]} Bd7
{[%clk 0:01:36]} 23. Qe2 {[%clk 0:01:51]} Rb7 {[%clk 0:01:23]} 24. Rb2
{[%clk 0:01:52]} Rab8 {[%clk 0:01:16]} 25. Reb1 {[%clk 0:01:53]} f5
{[%clk 0:01:17]} 26. f3 {[%clk 0:01:54]} Be7 {[%clk 0:00:58]} 27. Qf2
{[%clk 0:01:44]} Bd8 {[%clk 0:00:59]} 28. g3 {[%clk 0:01:19]} g6 {[%clk 0:00:58]}
29. Qe2 {[%clk 0:01:06]} Bf6 {[%clk 0:00:53]} 30. Qf2 {[%clk 0:01:07]} Bd8
{[%clk 0:00:54]} 31. Kg2 {[%clk 0:01:06]} b5 {[%clk 0:00:31]} 32. c5
{[%clk 0:01:01]} dxc5 {[%clk 0:00:31]} 33. Bxc5 {[%clk 0:01:02]} Rc8
{[%clk 0:00:33]} 34. Rc1 {[%clk 0:00:58]} b4 {[%clk 0:00:31]} 35. axb4
{[%clk 0:00:59]} axb4 36. Nb3 {[%clk 0:00:58]} Ba4 {[%clk 0:00:22]} 37. Qd2
{[%clk 0:00:53]} Qf7 {[%clk 0:00:06]} 38. Be3 {[%clk 0:00:44]} Rxc1
{[%clk 0:00:06]} 39. Qxc1 {[%clk 0:00:45]} fxe4 {[%clk 0:00:04]} 40. fxe4
{[%clk 0:00:39]} Bxb3 {[%clk 0:00:05]} 41. Rxb3 Rc7 42. Qd2 {[%clk 0:00:33]} Be7
{[%clk 0:00:04]} 43. Rb1 {[%clk 0:00:29]} Rc4 {[%clk 0:00:04]} 44. d6
{[%clk 0:00:29]} Bd8 {[%clk 0:00:03]} 45. Rxb4 {[%clk 0:00:24]} Rxb4 46. Qxb4
{[%clk 0:00:26]} Qa2+ {[%clk 0:00:05]} 47. Kf3 {[%clk 0:00:24]} Kf7
{[%clk 0:00:04]} 48. Qb8 {[%clk 0:00:20]} Qa5 {[%clk 0:00:04]} 49. Qb3+
{[%clk 0:00:17]} Kg7 {[%clk 0:00:04]} 50. Qe6 {[%clk 0:00:17]} Qa1
{[%clk 0:00:03]} 51. Qd7+ {[%clk 0:00:18]} Kf6 {[%clk 0:00:03]} 52. Qxd8+
{[%clk 0:00:18]} Kf7 {[%clk 0:00:05]} 53. Qe7+ {[%clk 0:00:19]} Kg8
{[%clk 0:00:06]} 54. Kg2 {[%clk 0:00:13]} Qb2+ {[%clk 0:00:05]} 55. Bf2
{[%clk 0:00:14]} 1-0

[Event "Blitz 2018"]
[Site "Saint-Petersburg"]
[Date "2018.12.29"]
[Round "7"]
[Board "89"]
[White "Hirneise Tobias (GER)"]
[Black "Piorun Kacper (POL)"]
[Result "1/2-1/2"]
[BlackElo "2646"]
[WhiteElo "2472"]
[LiveChessVersion "1.4.8"]

1. e4 {[%clk 0:03:03]} c6 {[%clk 0:03:04]} 2. d4 {[%clk 0:03:02]} d5
{[%clk 0:03:05]} 3. exd5 {[%clk 0:03:03]} cxd5 {[%clk 0:03:06]} 4. c4
{[%clk 0:03:05]} Nf6 {[%clk 0:03:05]} 5. Nc3 {[%clk 0:03:06]} Nc6
{[%clk 0:03:06]} 6. Nf3 {[%clk 0:03:07]} Be6 {[%clk 0:03:07]} 7. Qb3
{[%clk 0:02:39]} Na5 {[%clk 0:03:01]} 8. Qb5+ {[%clk 0:02:41]} Bd7
{[%clk 0:03:02]} 9. cxd5 {[%clk 0:02:42]} a6 {[%clk 0:03:03]} 10. Qd3
{[%clk 0:02:34]} e6 {[%clk 0:03:04]} 11. Bg5 {[%clk 0:02:26]} Be7
{[%clk 0:02:53]} 12. dxe6 {[%clk 0:02:17]} Bxe6 {[%clk 0:02:52]} 13. Be2
{[%clk 0:02:17]} O-O {[%clk 0:02:45]} 14. O-O {[%clk 0:02:12]} Nc6
{[%clk 0:02:38]} 15. Bxf6 {[%clk 0:01:49]} Bxf6 {[%clk 0:02:39]} 16. Rfd1
{[%clk 0:01:49]} Nb4 {[%clk 0:02:25]} 17. Qd2 {[%clk 0:01:47]} Nd5
{[%clk 0:02:21]} 18. Ne5 {[%clk 0:01:42]} Rc8 {[%clk 0:01:56]} 19. Bf3
{[%clk 0:01:36]} b5 {[%clk 0:01:43]} 20. Nxd5 {[%clk 0:01:22]} Bxd5
{[%clk 0:01:42]} 21. Bxd5 {[%clk 0:01:18]} Qxd5 {[%clk 0:01:42]} 22. Qa5
{[%clk 0:01:19]} Rc2 {[%clk 0:01:04]} 23. Qxa6 {[%clk 0:01:05]} Bxe5
{[%clk 0:00:59]} 24. dxe5 {[%clk 0:01:03]} Qc5 {[%clk 0:00:55]} 25. Rf1
{[%clk 0:00:53]} Rxb2 {[%clk 0:00:55]} 26. e6 {[%clk 0:00:47]} fxe6
{[%clk 0:00:54]} 27. Qxe6+ {[%clk 0:00:48]} Kh8 {[%clk 0:00:55]} 28. Qe3
{[%clk 0:00:35]} Qc4 {[%clk 0:00:34]} 29. Qa3 {[%clk 0:00:22]} Qb4
{[%clk 0:00:35]} 30. Qxb4 {[%clk 0:00:20]} Rxb4 {[%clk 0:00:35]} 31. Rab1
{[%clk 0:00:21]} Ra4 {[%clk 0:00:35]} 32. Rxb5 {[%clk 0:00:20]} Rxa2
{[%clk 0:00:36]} 33. g3 {[%clk 0:00:20]} h6 {[%clk 0:00:36]} 34. h4
{[%clk 0:00:20]} Kh7 {[%clk 0:00:35]} 35. Kg2 {[%clk 0:00:20]} Rf7
{[%clk 0:00:36]} 36. h5 {[%clk 0:00:19]} Rf8 {[%clk 0:00:37]} 37. Rc5
{[%clk 0:00:17]} Rf7 {[%clk 0:00:38]} 38. Rd5 {[%clk 0:00:16]} Rf8
{[%clk 0:00:38]} 39. Rc5 {[%clk 0:00:16]} Rf7 {[%clk 0:00:39]} 40. Rd5
{[%clk 0:00:17]} 1/2-1/2

[Event "Blitz 2018"]
[Site "Saint-Petersburg"]
[Date "2018.12.29"]
[Round "7"]
[Board "90"]
[White "Mchedlishvili Mikheil (GEO)"]
[Black "Vlassov Nikolai (RUS)"]
[Result "1-0"]
[BlackElo "2438"]
[WhiteElo "2607"]
[LiveChessVersion "1.4.8"]

1. d4 {[%clk 0:03:03]} Nf6 {[%clk 0:03:04]} 2. Bg5 {[%clk 0:03:03]} e6
{[%clk 0:03:04]} 3. e4 {[%clk 0:03:03]} h6 {[%clk 0:03:05]} 4. Bxf6
{[%clk 0:03:03]} Qxf6 {[%clk 0:03:07]} 5. c3 {[%clk 0:03:03]} b6 {[%clk 0:03:00]}
6. Bd3 {[%clk 0:03:00]} Bb7 {[%clk 0:03:01]} 7. Ne2 {[%clk 0:02:53]} c5
{[%clk 0:02:52]} 8. O-O {[%clk 0:02:28]} cxd4 {[%clk 0:02:53]} 9. cxd4 Nc6 10. e5
{[%clk 0:02:17]} Qh4 {[%clk 0:02:42]} 11. f4 {[%clk 0:01:57]} d6 {[%clk 0:02:35]}
12. Be4 {[%clk 0:01:50]} Rc8 {[%clk 0:02:23]} 13. Nbc3 {[%clk 0:01:38]} dxe5
{[%clk 0:02:18]} 14. fxe5 {[%clk 0:01:37]} Bb4 {[%clk 0:02:03]} 15. Qd3
{[%clk 0:01:17]} O-O {[%clk 0:01:58]} 16. Qe3 {[%clk 0:01:11]} Rcd8
{[%clk 0:01:49]} 17. Rad1 {[%clk 0:01:09]} Rd7 {[%clk 0:01:41]} 18. a3
{[%clk 0:01:02]} Be7 {[%clk 0:01:35]} 19. Rf4 {[%clk 0:01:01]} Bg5
{[%clk 0:01:30]} 20. Rxh4 {[%clk 0:00:34]} Bxe3+ {[%clk 0:01:30]} 21. Kf1
{[%clk 0:00:35]} f6 {[%clk 0:01:20]} 22. Bf3 {[%clk 0:00:15]} fxe5
{[%clk 0:01:13]} 23. dxe5 {[%clk 0:00:16]} Nxe5 {[%clk 0:01:07]} 24. Rxd7
{[%clk 0:00:18]} Nxd7 {[%clk 0:01:07]} 25. Ra4 {[%clk 0:00:14]} a5
{[%clk 0:01:01]} 26. Ng3 {[%clk 0:00:14]} Nc5 {[%clk 0:00:54]} 27. Rg4
{[%clk 0:00:15]} Ba6+ {[%clk 0:00:47]} 28. Ke1 {[%clk 0:00:14]} Nd3+
{[%clk 0:00:45]} 29. Kd1 {[%clk 0:00:15]} Nxb2+ {[%clk 0:00:44]} 30. Kc2
{[%clk 0:00:16]} Nc4 {[%clk 0:00:44]} 31. a4 {[%clk 0:00:17]} Ne5
{[%clk 0:00:41]} 32. Rh4 {[%clk 0:00:14]} Nxf3 {[%clk 0:00:32]} 33. gxf3
{[%clk 0:00:15]} Rxf3 {[%clk 0:00:34]} 34. Re4 {[%clk 0:00:13]} Bc5
{[%clk 0:00:28]} 35. Rxe6 {[%clk 0:00:13]} Bc4 {[%clk 0:00:25]} 36. Re8+
{[%clk 0:00:13]} Kf7 {[%clk 0:00:26]} 37. Rc8 {[%clk 0:00:12]} Rf2+
{[%clk 0:00:26]} 38. Kd1 {[%clk 0:00:11]} Rxh2 {[%clk 0:00:26]} 39. Nce4 Bf2
{[%clk 0:00:22]} 40. Rxc4 {[%clk 0:00:08]} Bxg3 {[%clk 0:00:22]} 41. Nxg3
{[%clk 0:00:10]} Rb2 {[%clk 0:00:22]} 42. Ne4 {[%clk 0:00:07]} Ke6
{[%clk 0:00:21]} 43. Rc7 {[%clk 0:00:07]} g5 {[%clk 0:00:19]} 44. Nc3
{[%clk 0:00:08]} h5 {[%clk 0:00:19]} 45. Ne4 {[%clk 0:00:05]} Kf5
{[%clk 0:00:19]} 46. Nd6+ {[%clk 0:00:06]} Kg4 {[%clk 0:00:17]} 47. Rc4+
{[%clk 0:00:07]} Kh3 {[%clk 0:00:17]} 48. Rc3+ {[%clk 0:00:08]} Kh4
{[%clk 0:00:16]} 49. Nf5+ {[%clk 0:00:08]} Kg4 {[%clk 0:00:17]} 50. Ne3+
{[%clk 0:00:09]} Kf4 {[%clk 0:00:18]} 51. Nd5+ {[%clk 0:00:10]} Ke5
{[%clk 0:00:19]} 52. Ne3 {[%clk 0:00:09]} Kd4 {[%clk 0:00:19]} 53. Ra3
{[%clk 0:00:10]} b5 {[%clk 0:00:20]} 54. axb5 {[%clk 0:00:10]} Rxb5
{[%clk 0:00:21]} 55. Nc2+ {[%clk 0:00:07]} Ke4 {[%clk 0:00:22]} 56. Kd2
{[%clk 0:00:05]} h4 {[%clk 0:00:23]} 57. Ra4+ {[%clk 0:00:06]} Ke5
{[%clk 0:00:23]} 58. Ne3 {[%clk 0:00:06]} Rc5 {[%clk 0:00:22]} 59. Ke2
{[%clk 0:00:05]} Kd6 {[%clk 0:00:21]} 60. Kf3 {[%clk 0:00:06]} Kc6
{[%clk 0:00:22]} 61. Re4 {[%clk 0:00:06]} Kb5 {[%clk 0:00:23]} 62. Re8
{[%clk 0:00:07]} a4 {[%clk 0:00:24]} 63. Rb8+ {[%clk 0:00:08]} Ka5
{[%clk 0:00:25]} 64. Ra8+ {[%clk 0:00:09]} Kb4 {[%clk 0:00:27]} 65. Rb8+
{[%clk 0:00:08]} Kc3 {[%clk 0:00:28]} 66. Ra8 {[%clk 0:00:08]} Kb3
{[%clk 0:00:29]} 67. Rb8+ {[%clk 0:00:09]} Ka2 {[%clk 0:00:30]} 68. Rb7
{[%clk 0:00:06]} a3 {[%clk 0:00:31]} 69. Nd1 {[%clk 0:00:06]} Rc4
{[%clk 0:00:28]} 70. Ke3 {[%clk 0:00:07]} g4 {[%clk 0:00:30]} 71. Kd3
{[%clk 0:00:08]} Rc1 {[%clk 0:00:21]} 72. Nc3+ {[%clk 0:00:09]} Ka1
{[%clk 0:00:22]} 73. Kd2 {[%clk 0:00:11]} Rh1 {[%clk 0:00:21]} 74. Ra7
{[%clk 0:00:06]} Rh2+ {[%clk 0:00:22]} 75. Kc1 {[%clk 0:00:07]} a2
{[%clk 0:00:23]} 76. Re7 {[%clk 0:00:05]} Rg2 {[%clk 0:00:22]} 77. Re1
{[%clk 0:00:06]} h3 {[%clk 0:00:22]} 78. Ne2 {[%clk 0:00:07]} Rxe2
{[%clk 0:00:08]} 79. Rxe2 {[%clk 0:00:08]} g3 {[%clk 0:00:09]} 80. Re1
{[%clk 0:00:10]} 1-0

[Event "Blitz 2018"]
[Site "Saint-Petersburg"]
[Date "2018.12.29"]
[Round "7"]
[Board "91"]
[White "Gasanov Eldar (UKR)"]
[Black "Baron Tal (ISR)"]
[Result "1-0"]
[BlackElo "2421"]
[WhiteElo "2581"]
[LiveChessVersion "1.4.8"]

1. d4 {[%clk 0:03:02]} Nf6 {[%clk 0:01:48]} 2. Bg5 {[%clk 0:02:58]} d5
{[%clk 0:01:50]} 3. e3 {[%clk 0:02:57]} c5 {[%clk 0:01:51]} 4. dxc5
{[%clk 0:02:44]} e6 {[%clk 0:01:49]} 5. Nc3 {[%clk 0:02:16]} Bxc5
{[%clk 0:01:50]} 6. Bd3 {[%clk 0:02:13]} Nbd7 {[%clk 0:01:50]} 7. Nf3
{[%clk 0:02:06]} b6 {[%clk 0:01:49]} 8. e4 {[%clk 0:01:56]} dxe4 {[%clk 0:01:48]}
9. Bxe4 Rb8 10. O-O {[%clk 0:01:11]} Ba6 {[%clk 0:01:33]} 11. Bd3
{[%clk 0:01:04]} Bb7 {[%clk 0:01:29]} 12. Bf4 {[%clk 0:01:01]} Rc8
{[%clk 0:01:30]} 13. Nb5 {[%clk 0:01:02]} Nd5 {[%clk 0:01:09]} 14. Nd6+
{[%clk 0:00:58]} Bxd6 {[%clk 0:01:09]} 15. Bxd6 {[%clk 0:00:58]} Nc5
{[%clk 0:01:10]} 16. Bb5+ Bc6 17. Bxc6+ {[%clk 0:00:39]} Rxc6 {[%clk 0:01:12]}
18. Bxc5 {[%clk 0:00:36]} Rxc5 {[%clk 0:01:13]} 19. c4 {[%clk 0:00:32]} Rxc4
{[%clk 0:01:11]} 20. Ne5 {[%clk 0:00:33]} Re4 {[%clk 0:01:01]} 21. Nc6
{[%clk 0:00:21]} Qd7 {[%clk 0:01:02]} 22. Qc2 {[%clk 0:00:14]} Rh4
{[%clk 0:00:59]} 23. Ne5 {[%clk 0:00:15]} Qd6 {[%clk 0:00:55]} 24. Qc8+
{[%clk 0:00:16]} Qd8 {[%clk 0:00:45]} 25. Qxd8+ {[%clk 0:00:17]} 1-0

[Event "Blitz 2018"]
[Site "Saint-Petersburg"]
[Date "2018.12.29"]
[Round "7"]
[Board "92"]
[White "Zakhartsov Vladimir (RUS)"]
[Black "Minko Vladimir (RUS)"]
[Result "1/2-1/2"]
[BlackElo "2403"]
[WhiteElo "2567"]
[LiveChessVersion "1.4.8"]

1. e4 c5 2. Nf3 e6 3. g3 Nc6 4. Bg2 Nf6 5. Nc3 d5 6. exd5 exd5 7. d4 cxd4 8. Nxd4
Bc5 9. Nb3 Bb4 10. O-O Bxc3 11. bxc3 O-O 12. Re1 h6 13. Rb1 Bf5 14. Nd4 Nxd4 15.
Qxd4 b6 16. Ba3 Re8 17. Rxe8+ Qxe8 18. c4 Bxc2 19. Rc1 Be4 20. cxd5 Bxg2 21. Kxg2
Qe2 22. Bb2 Rd8 23. d6 Qe4+ 24. Kg1 Qxd4 25. Bxd4 Rxd6 26. Rc8+ Kh7 27. Bxf6 Rxf6
28. Rc7 a5 29. a4 Kg6 30. Kf1 Re6 31. Rb7 Kf6 32. h4 h5 33. Kg2 g6 34. Kf3 Kg7
35. Kg2 Rc6 36. Kf3 Rc3+ 37. Ke2 Rb3 38. Rc7 Rb4 39. Rc6 Kf8 40. Kd3 Ke7 41. Rc7+
Ke6 42. Rb7 f6 43. Kc3 g5 44. hxg5 fxg5 45. Kd3 h4 46. gxh4 gxh4 47. Rh7 Kf5 48.
Rb7 Kg4 49. Ke2 Rb2+ 50. Kf1 h3 51. Kg1 {[%clk 0:00:05]} Kf3 {[%clk 0:00:10]}
1/2-1/2